000 03220nam a2200661 c 4500
001 1947600869
003 DE-627
005 20260108152007.0
007 cr uuu---uuuuu
008 251226s2024 gw |||||o 00| ||ger c
020 _a9783646731286
_cEPUB
024 7 _aurn:nbn:de:gbv:18-epflicht-302710
_2urn
035 _a(DE-627)1947600869
035 _a(DE-599)KEP122302958
035 _a(EPFHH-CARLSEN)9783646731286_9783646731286
035 _a(EPFHH)1bf143f3-8f14-475c-ad5c-ec067a195cf1
035 _a(DE-627-1)122302958
040 _aDE-627
_bger
_cDE-627
_erda
041 _ager
_hjpn
044 _cXA-DE-HH
072 7 _a9182
_2wsb
082 0 4 _a741.5
_qDE-576
245 0 4 _aThe Guy She Was Interested in Wasn't a Guy at All 1
_bModerner Girls-Love-Manga über zwei junge Frauen und die Liebe zu alternativer Musik – Mit grünen Farbelementen im Innenteil!
_cSumiko Arai, Carina Dallmeier
250 _a1. Auflage
264 1 _aHamburg
_bHayabusa
_c2024
300 _a1 Online-Ressource (184 S.)
_bIllustrationen
336 _aText
_btxt
_2rdacontent
337 _aComputermedien
_bc
_2rdamedia
338 _aOnline-Ressource
_bcr
_2rdacarrier
490 0 _aThe Guy She Was Interested in Wasn't a Guy at All
_v1
520 _aMit grünen Farbelementen im Innenteil! Nirvana sind die Geilsten: Eine charmante Girls-Love-Serie in der die Liebe zur Musik verbindet Aya Osawa ist Stammkundin eines kleinen, alternativen Plattenladens. Obwohl sie das beliebteste Mädchen in ihrer Klasse ist, stimmt es sie traurig, dass niemand ihre Liebe zur alternativen Musik teilt. Doch in ihrem Plattenladen arbeitet seit Neustem ein hübscher E-Boy mit fantastischem Musikgeschmack, und Aya ist sofort Feuer und Flamme. Was sie nicht ahnt: Der hübsche E-Boy ist in Wahrheit ihre Klassenkameradin Mitsuki Koga. Und so beginnt die verrückte Liebesgeschichte der beiden Frauen... - Bisher 2 Bände im Original - Für Fans von Musik und LGBTQ+-Romantik Dies ist Band 1 der Serie. Moderner Slice-of-Life Girls-Love für alle Fans alternativer Musik oder welche, die es noch werden wollen!
583 1 _aArchivierung/Langzeitarchivierung gewährleistet
_fPEHH
_kDE-576
_2pdager
_5DE-18
650 4 _agirls love manga deutsch
650 4 _ayuri manga deutsch taschenbuch
650 4 _alesbian romance deutsch
650 4 _algbtq bücher deutsch
650 4 _ashojo ai
650 4 _alesbische Liebe
650 4 _alesbische Liebesgeschichten
650 4 _aalternative musik manga
650 4 _arock musik manga
650 4 _amanga buch
650 4 _alesbische romane
650 4 _aanime bücher zum lesen
650 4 _aqueer manga bücher
650 4 _ahayabusa manga für jugendliche
650 4 _amanga lesbische liebe
650 4 _agirls liebe
650 4 _aFrauenfreundschaft
650 4 _ajapansiche leserichtung
700 1 _aArai, Sumiko
_eVerfasserIn
_4aut
700 1 _aDallmeier, Carina
_eÜbersetzerIn
_4trl
776 1 _z9783551624291
776 0 8 _iErscheint auch als
_nDruck-Ausgabe
_z9783551624291
856 4 0 _uhttps://nbn-resolving.org/urn:nbn:de:gbv:18-epflicht-302710
_mX:EPF
_zlizenzpflichtig
_71
942 _2ddc
_cMGA
_n0
951 _aBO
999 _c1463
_d1463